000 00558nam a2200169 4500
001 107468
003 ES-MaACL
005 20230906184428.0
007 t|
008 061121s1947 sp r ||||1| spa d
100 1 _aMorato Cárdenas, Teófilo.
_983164
245 1 0 _aInterpretación, indicación y valoración de los análisis clínicos /
_cTeófilo Morato Cárdenas; prólogo del profesor A. del Cañizo.
260 _aMadrid :
_bAlhambra,
_c1947.
300 _a349 p. ;
_c22.
700 1 _aCañizo, A. del.
_934760
852 _aES-MaACL
_jD-7716
_bR.28953
999 _c107468
_d107468